Smith & Aitkenhead's Textbook of Anaesthesia (Record no. 5379)

MARC details
000 -LEADER
fixed length control field 00376nam a2200145Ia 4500
008 - FIXED-LENGTH DATA ELEMENTS--GENERAL INFORMATION
fixed length control field 230312s9999||||xx |||||||||||||| ||und||
020 ## - INTERNATIONAL STANDARD BOOK NUMBER
International Standard Book Number 0-7020-4192-1
082 ## - DEWEY DECIMAL CLASSIFICATION NUMBER
Classification number 617.96
Item number AIT-S
100 ## - MAIN ENTRY--PERSONAL NAME
Personal name Aitkenhead;Alan.R
245 #0 - TITLE STATEMENT
Title Smith & Aitkenhead's Textbook of Anaesthesia
260 ## - PUBLICATION, DISTRIBUTION, ETC.
Name of publisher, distributor, etc. Elsevier
Place of publication, distribution, etc. China
Date of publication, distribution, etc. 2013
300 ## - PHYSICAL DESCRIPTION
Extent 1070
650 ## - SUBJECT ADDED ENTRY--TOPICAL TERM
Topical term or geographic name entry element Medical
Form subdivision Anaesthesia
942 ## - ADDED ENTRY ELEMENTS (KOHA)
Koha item type BOOK
Holdings
Withdrawn status Lost status Source of classification or shelving scheme Damaged status Not for loan Home library Current library Date acquired Total Checkouts Total Renewals Full call number Barcode Date due Date last seen Date last checked out Price effective from Koha item type
    Dewey Decimal Classification     Superior Information Resource Center (SIRC) Superior University- Main Campus Superior Information Resource Center (SIRC) Superior University- Main Campus 03/13/2023 7 2 617.96 AIT-S 5464 10/01/2024 09/24/2024 09/24/2024 03/13/2023 BOOK

Powered by Koha